000
00316 a2200133 4500
000
nam a22 7a 4500
100
_a
Karsten Lehn
110
_a
Karsten Lehn
245
_a
Introduction to Computer Graphics
250
_a
latest edition
260
_b
Springer
_c
2025
264
_b
Springer
_c
2025
942
_c
BK
999
_c
397203
_d
397203